| 000 | 00353nam a2200133Ia 4500 | ||
|---|---|---|---|
| 008 | 240624s9999 xx 000 0 und d | ||
| 041 | _aeng | ||
| 082 | _a020 NAN | ||
| 100 | _aNANDAGOPAL R | ||
| 245 | _aCHANGE MANAGEMENT IN LIBRARY AND INFORMA | ||
| 260 |
_c2005 _aNew Delhi _bAllied Publishers |
||
| 300 | _axiv, : 298 : p. : cm. ; 24 | ||
| 365 |
_cRS _b32 |
||
| 999 |
_c9125 _d9125 |
||